000 00963nam a2200229Ia 4500
003 OSt
005 20200813124815.0
008 191128s1991 ck grl f001 0 spa d
040 _aCO-JMCR
_cCO-JMCR
041 0 _aspa
082 0 4 _a342.023 /
_bC718c3
_223
110 1 _aColombia.
_bPresidencia de la República
_92972
240 1 _aLeyes, decretos, etc.
245 1 0 _aConstitución Política de Colombia 1991 /
_cPresidencia de la República
260 _aBogotá :
_bAsamble General Constituyente,
_c1991
300 _a197 páginas ;
_c20 cm.
500 _aIncluye índice Analítico y alfabético.
505 0 _aDe los principios fundamentales -- De los derechos y garantías y los deberes -- De los habitantes y del territorio -- De la organización del estado -- De la Rama Legislativa -- De la Rama Judicial -- De los organos de control
650 1 4 _aDerechos humanos
_xartículos
_98204
650 1 4 _aRamas del poder público
_98196
942 _2ddc
_cBK
999 _c5747
_d5747